Google Suggestions Quiz #1 - Statistics

General Stats
  • This quiz has been taken 93,822 times
    45,714 since last reset
  • The average score is 15 of 26
Answer Stats
When I type ... Google suggests % Correct
is Pluto a ... {planet}
99%
is Santa ... {real}
97%
how did Elvis ... {die}
89%
can I afford a ... {house}
89%
can I marry my ... {cousin}
86%
why is my computer so ... {slow}
83%
what do turtles ... {eat}
81%
will pasta make you ... {fat}
78%
what do I wear to a ... {wedding}
76%
are granola bars ... {healthy}
75%
is file sharing ... {illegal}
75%
why are Canadians so ... {nice}
71%
is fish considered ... {meat}
65%
do the French really wear ... {berets}
53%
why are there so many soccer players named ... {Ronaldo}
51%
why does China want ... {Taiwan}
43%
does MTV still play ... {music} {videos}
42%
why does gasoline ... {smell} {good}
35%
why are owls considered ... {wise}
35%
do sharks get ... {cancer}
34%
what are the odds of having ... {twins}
34%
why do British accents sound ... {smart}
27%
does rice have ... {gluten}
25%
why are there so many cities named ... {Springfield}
25%
what is a blue ... {moon}
24%
what is the airspeed velocity of an ... {unladen} {swallow}
12%
No matching quizzes found
Score Distribution
Percent of People with Each Score
Percentile by Number Answered
Your Score History
You have not taken this quiz since the last reset